000 00793nmc a2200301 a 4500
003 AR-BaBNM
005 20251128205217.0
008 267019s1993 ||||||||||||||000 | spa||
020 _a950-511-109-6
040 _cAR-BaBNM
100 1 _aRodari, Gianni
245 1 0 _aCuentos escritos a máquina
250 _a1ª ed.
260 _aBuenos Aires
_bAlfaguara
_c1993
300 0 _a269 p.
_bil.
490 0 _aJuvenil
_vv. 16
500 0 _aContiene biografía del autor en la contratapa
650 4 _aLITERATURA INFANTIL
650 4 _aLIBROS PARA NINOS
650 4 _aHUMOR
650 4 _aIMAGINACION
653 0 _aCUENTO FANTASTICO
655 _aLITERATURA
700 1 _aBenítez, Esther
_etraductor
700 1 _aAmo, Fuencisla del
_eilustrador
942 _cBK
998 _claura
999 _c10468
_d10468